Guía para reparaciones de espesor completo

Bewaard in:
Bibliografische gegevens
Coauteur: Instituto del Cemento y del Hormigón de Chile (Auteur)
Formaat: Boek
Taal:Spaans
Gepubliceerd in: Santiago ICH 1995
Reeks:Boletín Técnico. Pavimento
Onderwerpen:
Tags: Voeg label toe
Geen labels, Wees de eerste die dit record labelt!

MARC

LEADER 00000nam a2200000 a 4500
001 UCI5195
003 CL-VaPUC
008 080314e19950000CL |||||||||||||||||spa|d
082 0 4 |a 628.85  |b INS  |2 21 
110 2 |a Instituto del Cemento y del Hormigón de Chile  |e author  |9 527350 
245 1 0 |a Guía para reparaciones de espesor completo 
300 |a 19 p 
942 |c BK 
945 |d 20080314 00:00:00  |a jtorresc 
260 |a Santiago  |b ICH  |c 1995 
650 0 |a Pavimentos  |9 258061 
650 7 |a REPARACIONES  |2 CL-VaPUC  |9 435392 
650 0 |a Materiales de construcción  |9 260197 
650 7 |a MATERIALES BITUMINOSOS  |2 CL-VaPUC  |9 527351 
650 0 |a Carreteras  |9 260132 
650 7 |a CALLES  |2 CL-VaPUC  |9 364295 
650 0 |a Hormigones  |9 262546 
583 |a last modification  |c 20160921 10:37:48  |k Rodrigo Vera 
490 0 |a Boletín Técnico. Pavimento 
999 |c 328958  |d 328956